| 000 | 00440nam a2200181Ia 4500 | ||
|---|---|---|---|
| 005 | 20240823031950.0 | ||
| 008 | 240823s9999||||xx |||||||||||||| ||und|| | ||
| 041 | _aENGLISH | ||
| 082 | _A512.8 | ||
| 100 | _aJames B Scarborough | ||
| 245 | 0 | _aNumerical Mathematical Analysis | |
| 250 | _a6th | ||
| 260 |
_c1966 _b"Oxford & IBH , New " |
||
| 500 | _aYES | ||
| 650 |
_aNumerical Analysis _bMathematics |
||
| 942 | _cBK | ||
| 999 |
_c192321 _d192321 |
||